Statistics for Name a Seven Letter Word A-Z

Click here to take the quiz!

General Stats

  • This quiz has been taken 3,845 times
  • The average score is 18 of 26

Answer Stats

# PossibleWords% Correct
B1668between, because, brought + more
92%
C2127country, certain, company + more
91%
F1071friends, feeling, further + more
88%
D1282dollars, decided, distant + more
87%
H896himself, however, herself + more
85%
A1292against, another, already + more
84%
G1003general, greater, getting + more
84%
P1844present, perhaps, purpose + more
81%
M1281morning, minutes, married + more
80%
S2742several, subject, strange + more
79%
L846looking, letters, learned + more
78%
E830english, evening, entered + more
77%
R1425replied, reached, receive + more
77%
T1399through, thought, towards + more
76%
J312justice, jealous, justify + more
76%
N479nothing, neither, natural + more
70%
O645opinion, outside, offered + more
69%
I517instead, instant, imagine + more
69%
W714without, whether, written + more
66%
Q131quickly, quietly, quarter + more
65%
K338keeping, knowing, kingdom + more
64%
V383various, village, variety + more
54%
U557usually, unknown, unhappy + more
47%
Y96younger, yielded, yawning + more
47%
Z134zealous, zigzags, zooming + more
40%
X17xanthic, xyloses, xeroxes + more
14%

Score Distribution

Percentile by Number Answered

Percent of People with Each Score

Your Score History

You have not taken this quiz